01149naa a22002777a 4500001001000000003000900010005001700019007000300036008003400039040005400073041000900127072001400136090001800150100001700168245004500185260003700230500013100267650001100398650001000409650002300419773021100442909003600653942001400689999001900703952014900722BR9205090BR-BrBNA20240918180728.0ta230509b bl.||||| |||| 00| 0 por d aBR-BrBNAbporcBiblioteca Nacional de Agricultura a(Pt) aL70b5212 aL70 BR92050901 aBirgel, E.H.1 aExame clinico dos animais antes do abate3 aSao Paulo, SP (Brasil): c1969.  aBarbuto, O.J.M. (coord.) Curso de especializacao em higiene da carne Sao Paulo, SP (Brasil): 1969. p. 19-23 (BR9205090-AM)L70  aBOVINO aABATE aINSPECAO SANITARIA0 tCurso de especializacao em higiene da carneaBarbuto, O.J.M. (coord.). Universidade de Sao Paulo, Sao Paulo (Brasil). Faculdade de Medicina VeterinariawL70 BR9205090gSao Paulo, SP (Brasil), 1969. p. 19-23 a202404bLuciac55dLucia Elande cAM2AGRIS c321857d321857 002AGRIS40708Acervo Gerala41918b41918cAgrobasel0o9700 BR9205087r2024-05-20t01yAM10d2024-04-11ePortaria Interministerial nÂș 164/94